[Event "NB2 Barcza csoport"]
[Site "Edeleny"]
[Date "2024.11.17"]
[Round "2.4"]
[White "Dudas, Peter"]
[Black "Kelemen, Imre"]
[Result "1-0"]
[WhiteElo "2158"]
[BlackElo "2010"]
[PlyCount "71"]
[EventDate "2024.11.03"]
[EventType "team-tourn"]
[EventRounds "9"]
[EventCountry "HUN"]
[Source "chess.hu"]
[SourceDate "2024.11.17"]
[WhiteTeam "CLUB-MATE Edeleny 1"]
[BlackTeam "Karsol-DSBK"]
[WhiteTeamCountry "HUN"]
[BlackTeamCountry "HUN"]

1. d4 Nf6 2. Nf3 c5 3. e3 g6 4. c3 Bg7 5. Nbd2 Qc7 6. Bd3 d5 7. Qe2 O-O 8. O-O
a6 9. dxc5 Qxc5 10. e4 Nc6 11. exd5 Qxd5 12. Ne4 Bf5 13. c4 Qd7 14. Rd1 Rad8
15. Be3 Nb4 16. Nc5 Bxd3 17. Rxd3 Qc7 18. Rb3 a5 19. a3 b6 20. axb4 bxc5 21.
bxa5 Ng4 22. a6 Ra8 23. Rb5 Nxe3 24. Qxe3 Rfc8 25. Qe4 Qc6 26. Qxc6 Rxc6 27. a7
Rcc8 28. Rb7 Kf8 29. Kf1 Ke8 30. Rd1 f5 31. Ng5 h6 32. Rdd7 Bf6 33. Ne6 g5 34.
Ng7+ Kf7 35. Nxf5 Ke6 36. Nxe7 1-0

[Event "NB2 Barcza csoport"]
[Site "Edeleny"]
[Date "2024.11.17"]
[Round "2.5"]
[White "Horvath, Karoly"]
[Black "Molnar, Laszlo"]
[Result "1/2-1/2"]
[WhiteElo "2124"]
[BlackElo "2088"]
[PlyCount "59"]
[EventDate "2024.11.03"]
[EventType "team-tourn"]
[EventRounds "9"]
[EventCountry "HUN"]
[Source "chess.hu"]
[SourceDate "2024.11.17"]
[WhiteTeam "Karsol-DSBK"]
[BlackTeam "CLUB-MATE Edeleny 1"]
[WhiteTeamCountry "HUN"]
[BlackTeamCountry "HUN"]

1. d4 Nf6 2. Nc3 d5 3. e4 dxe4 4. f3 exf3 5. Nxf3 Bf5 6. Ne5 e6 7. g4 Bg6 8. h4
Bb4 9. Bg2 Be4 10. Bxe4 Nxe4 11. Qd3 Nd6 12. Bd2 Nd7 13. O-O-O Qe7 14. a3 Bxc3
15. Bxc3 O-O-O 16. Bb4 Nb6 17. c4 f6 18. c5 fxe5 19. cxd6 Qd7 20. dxe5 Nd5 21.
Qd4 b6 22. dxc7 Qxc7+ 23. Kb1 Nxb4 24. Qxb4 Qxe5 25. Rc1+ Kb8 26. Rhe1 Qd6 27.
Qe4 Qd3+ 28. Qxd3 Rxd3 29. Rxe6 Rhd8 30. Re7 1/2-1/2

[Event "NB2 Barcza csoport"]
[Site "Edeleny"]
[Date "2024.11.17"]
[Round "2.6"]
[White "Kristof, Peter"]
[Black "Bodnar, Mate"]
[Result "1-0"]
[WhiteElo "2062"]
[BlackElo "2051"]
[PlyCount "168"]
[EventDate "2024.11.03"]
[EventType "team-tourn"]
[EventRounds "9"]
[EventCountry "HUN"]
[Source "chess.hu"]
[SourceDate "2024.11.17"]
[WhiteTeam "CLUB-MATE Edeleny 1"]
[BlackTeam "Karsol-DSBK"]
[WhiteTeamCountry "HUN"]
[BlackTeamCountry "HUN"]

1. e4 Nf6 2. e5 Nd5 3. Nc3 Nxc3 4. dxc3 Nc6 5. Nf3 d6 6. exd6 exd6 7. Bd3 Bg4
8. h3 Bh5 9. Be3 Be7 10. Qe2 Qd7 11. O-O-O O-O-O 12. Bb5 Bxf3 13. Qxf3 Kb8 14.
Qxf7 Ne5 15. Bxd7 Nxf7 16. Bf5 g6 17. Bd3 Bg5 18. Bxg5 Nxg5 19. Rde1 Kc8 20. h4
Nf7 21. Re7 Rd7 22. Re2 Rf8 23. f4 Nh6 24. g3 Nf5 25. Bxf5 gxf5 26. Rd1 Rg7 27.
Rd3 Kd7 28. c4 Re8 29. Rde3 Reg8 30. Re6 Rf7 31. R2e3 Rfg7 32. Rf6 Rxg3 33.
Rf7+ Kc6 34. Rxg3 Rxg3 35. Rxf5 Rg7 36. Kd2 Kd7 37. Ke3 Ke6 38. Rg5 Re7 39. Kf3
Kf6 40. Rg8 Kf7 41. Rg2 Kf6 42. Rg8 Kf7 43. Rb8 b6 44. b4 c5 45. c3 cxb4 46.
cxb4 Rc7 47. Kg4 Kf6 48. Rf8+ Ke7 49. Ra8 Kf6 50. b5 Rxc4 51. Rxa7 h5+ 52. Kf3
Rb4 53. a4 d5 54. Rd7 Ke6 55. Rh7 Rb3+ 56. Ke2 Rb4 57. Ke3 Rb3+ 58. Kd2 Rb4 59.
Rxh5 Rxf4 60. Rh6+ Kd7 61. Rxb6 Rxh4 62. a5 Ra4 63. a6 Kc7 64. Rb7+ Kc8 65. Kc3
d4+ 66. Kd3 Rb4 67. Rb6 Kc7 68. a7 Kxb6 69. a8=Q Kxb5 70. Qd5+ Kb6 71. Qd6+ Kb5
72. Qc7 Ka6 73. Qc5 Ra4 74. Ke4 Ra5 75. Qc6+ Ka7 76. Kxd4 Ra6 77. Qc7+ Ka8 78.
Kc5 Rb6 79. Qd8+ Rb8 80. Qd5+ Ka7 81. Kc6 Rc8+ 82. Kb5 Rb8+ 83. Ka5 Rb7 84. Qd8
Rb5+ 1-0

[Event "NB2 Barcza csoport"]
[Site "Edeleny"]
[Date "2024.11.17"]
[Round "2.7"]
[White "Botragyi, Tibor"]
[Black "Ladanyi, Tibor"]
[Result "1/2-1/2"]
[WhiteElo "1987"]
[BlackElo "2043"]
[PlyCount "114"]
[EventDate "2024.11.03"]
[EventType "team-tourn"]
[EventRounds "9"]
[EventCountry "HUN"]
[Source "chess.hu"]
[SourceDate "2024.11.17"]
[WhiteTeam "Karsol-DSBK"]
[BlackTeam "CLUB-MATE Edeleny 1"]
[WhiteTeamCountry "HUN"]
[BlackTeamCountry "HUN"]

1. d4 Nf6 2. Nf3 g6 3. Bf4 b6 4. e3 Bb7 5. Bd3 Bg7 6. O-O d6 7. c4 c5 8. Nc3
Nbd7 9. d5 Nh5 10. Bg5 Bf6 11. Bxf6 exf6 12. Nd2 a6 13. f4 O-O 14. Qg4 Ng7 15.
e4 Qc7 16. Nf3 Rae8 17. Rae1 Re7 18. a4 Rfe8 19. Qh4 Bc8 20. g4 Qd8 21. g5 f5
22. exf5 Rxe1 23. Rxe1 Nxf5 24. Bxf5 Rxe1+ 25. Qxe1 gxf5 26. Qe3 Nf8 27. h4 Ng6
28. h5 Qe7 29. Kf2 Qxe3+ 30. Kxe3 Ne7 31. Nh4 Bd7 32. b3 a5 33. Ne2 Kg7 34. h6+
Kg8 35. Ng3 Kf8 36. Nh5 Ng8 37. Ng3 Ne7 38. Kf3 Bc8 39. Kg2 Bd7 40. Kh3 Bc8 41.
Nh5 Ng8 42. Nf3 Bd7 43. Nh4 Bc8 44. Nf3 Bd7 45. Nf6 Nxf6 46. gxf6 Bc8 47. Kh4
Bd7 48. Kg5 Bc8 49. Ng1 Bd7 50. Ne2 Kg8 51. Nc3 Kf8 52. Ne2 Kg8 53. Ng3 Kf8 54.
Nh5 Bc8 55. Ng7 Bd7 56. Nxf5 Bxf5 57. Kxf5 Ke8 1/2-1/2

[Event "NB2 Barcza csoport"]
[Site "Edeleny"]
[Date "2024.11.17"]
[Round "2.9"]
[White "Borbely, Zsombor"]
[Black "Juhasz, Bela"]
[Result "1/2-1/2"]
[WhiteElo "1866"]
[BlackElo "2032"]
[PlyCount "22"]
[EventDate "2024.11.03"]
[EventType "team-tourn"]
[EventRounds "9"]
[EventCountry "HUN"]
[Source "chess.hu"]
[SourceDate "2024.11.17"]
[WhiteTeam "Karsol-DSBK"]
[BlackTeam "CLUB-MATE Edeleny 1"]
[WhiteTeamCountry "HUN"]
[BlackTeamCountry "HUN"]

1. Nf3 Nf6 2. c4 g6 3. Nc3 d5 4. cxd5 Nxd5 5. Qa4+ c6 6. Qd4 Nf6 7. Qxd8+ Kxd8
8. e4 Bg7 9. Bc4 e6 10. d4 h6 11. h3 Ke7 1/2-1/2

[Event "NB2 Barcza csoport"]
[Site "Edeleny"]
[Date "2024.11.17"]
[Round "2.10"]
[White "Farkas, Csaba"]
[Black "Bekesi, Aron"]
[Result "0-1"]
[WhiteElo "2009"]
[BlackElo "1889"]
[PlyCount "136"]
[EventDate "2024.11.03"]
[EventType "team-tourn"]
[EventRounds "9"]
[EventCountry "HUN"]
[Source "chess.hu"]
[SourceDate "2024.11.17"]
[WhiteTeam "CLUB-MATE Edeleny 1"]
[BlackTeam "Karsol-DSBK"]
[WhiteTeamCountry "HUN"]
[BlackTeamCountry "HUN"]

1. d4 f5 2. g3 Nf6 3. Bg2 e6 4. c3 d5 5. Bf4 Bd6 6. Nh3 O-O 7. Nd2 Nc6 8. O-O
Ne7 9. Nf3 Ng6 10. e3 c6 11. Bxd6 Qxd6 12. Nf4 Nh8 13. Nd3 Nf7 14. Nfe5 Nd7 15.
f4 Ndxe5 16. Nxe5 Nxe5 17. fxe5 Qe7 18. a4 a5 19. Qb3 Rb8 20. Qb6 Qd8 21. Qa7
Bd7 22. b4 axb4 23. cxb4 Be8 24. Qc5 Bh5 25. b5 Rc8 26. b6 Be2 27. Rf2 Ba6 28.
Bf1 Ra8 29. Ra3 Re8 30. Bg2 Qe7 31. Rc2 Qxc5 32. Rxc5 Kf7 33. Rac3 Ke7 34. Bf3
Bc4 35. Ra3 Ra6 36. a5 Rea8 37. g4 g6 38. gxf5 gxf5 39. e4 Rxb6 40. exf5 exf5
41. Kf2 Rb2+ 42. Kg3 Rd2 43. Kf4 Ke6 44. Ke3 Rxh2 45. Ra1 Rf8 46. Rxc4 dxc4 47.
a6 Rb2 48. axb7 f4+ 49. Ke4 Rb3 50. Bg4+ Ke7 51. Bf5 Rxb7 52. Kxf4 Rb2 53. Ra7+
Ke8 54. Ke4 Re2+ 55. Kf3 Re1 56. Kf2 Rc1 57. Ra8+ Kf7 58. Rxf8+ Kxf8 59. Bxh7
Ke7 60. Ke3 Rh1 61. Bf5 Rh5 62. Bg4 Rh4 63. Bf5 Rh2 64. Bb1 Rb2 65. Be4 Kd7 66.
d5 cxd5 67. Bxd5 c3 68. Bc4 Rh2 0-1

[Event "NB2 Barcza csoport"]
[Site "Edeleny"]
[Date "2024.11.17"]
[Round "2.11"]
[White "Barna, Peter"]
[Black "Berecz, Kristof"]
[Result "1-0"]
[WhiteElo "1817"]
[BlackElo "1945"]
[PlyCount "87"]
[EventDate "2024.11.03"]
[EventType "team-tourn"]
[EventRounds "9"]
[EventCountry "HUN"]
[Source "chess.hu"]
[SourceDate "2024.11.17"]
[WhiteTeam "Karsol-DSBK"]
[BlackTeam "CLUB-MATE Edeleny 1"]
[WhiteTeamCountry "HUN"]
[BlackTeamCountry "HUN"]

1. e4 d5 2. exd5 Qxd5 3. Nc3 Qa5 4. d4 c6 5. Nf3 Nf6 6. Bd2 Bf5 7. Bc4 e6 8.
Bb3 Qc7 9. h3 Bd6 10. Qe2 Nbd7 11. O-O-O O-O-O 12. Rhe1 Rde8 13. Ne5 Bxe5 14.
dxe5 Nd5 15. Nxd5 exd5 16. f4 Nc5 17. Qf2 Nxb3+ 18. axb3 b6 19. g4 Be4 20. Bc3
h5 21. e6 fxe6 22. Be5 Qf7 23. Qd4 Rh7 24. Rxe4 hxg4 25. hxg4 Rh4 26. Ree1 Rxg4
27. Rg1 Rxg1 28. Rxg1 g6 29. Qd3 Rg8 30. b4 b5 31. Qc3 Kb7 32. Qc5 Ra8 33. Rg3
Qh7 34. Kb1 Qh1+ 35. Ka2 Qh7 36. Ra3 Qd7 37. Bd4 Kb8 38. Ra6 Kb7 39. Rxa7+
Rxa7+ 40. Qxa7+ Kc8 41. Qa8+ Kc7 42. Be5+ Kb6 43. Qb8+ Ka6 44. Bc7 1-0

[Event "NB2 Barcza csoport"]
[Site "Edeleny"]
[Date "2024.11.17"]
[Round "2.12"]
[White "Kollar, Balazs"]
[Black "Aranyi, Laszlo"]
[Result "0-1"]
[WhiteElo "1668"]
[BlackElo "1862"]
[PlyCount "52"]
[EventDate "2024.11.03"]
[EventType "team-tourn"]
[EventRounds "9"]
[EventCountry "HUN"]
[Source "chess.hu"]
[SourceDate "2024.11.17"]
[WhiteTeam "CLUB-MATE Edeleny 1"]
[BlackTeam "Karsol-DSBK"]
[WhiteTeamCountry "HUN"]
[BlackTeamCountry "HUN"]

1. e4 c5 2. Nf3 Nc6 3. Bb5 g6 4. Bxc6 bxc6 5. Nc3 Bg7 6. b3 d5 7. exd5 cxd5 8.
d4 Bg4 9. h3 Bxd4 10. Bd2 Bxf3 11. Qxf3 e6 12. Rd1 Qf6 13. Qxf6 Bxf6 14. Nb5
Kd7 15. O-O Ne7 16. Rfe1 Nc6 17. Be3 a6 18. Na3 Be7 19. c3 Rhd8 20. Nc2 Ke8 21.
f4 Rac8 22. Kf2 Na7 23. a4 Nc6 24. Rd2 Rb8 25. Na1 d4 26. cxd4 cxd4 0-1

[Event "NB2 Barcza csoport"]
[Site "Miskolc"]
[Date "2024.11.17"]
[Round "2.1"]
[White "Hando, Vilmos"]
[Black "Kassay, Lilla"]
[Result "1-0"]
[WhiteElo "2377"]
[BlackElo "2067"]
[PlyCount "99"]
[EventDate "2024.11.03"]
[EventType "team-tourn"]
[EventRounds "9"]
[EventCountry "HUN"]
[Source "chess.hu"]
[SourceDate "2024.11.17"]
[WhiteTeam "Kazincbarcika VSC"]
[BlackTeam "M.Sportisk-KisBocsok"]
[WhiteTeamCountry "HUN"]
[BlackTeamCountry "HUN"]

1. d4 Nf6 2. c4 e6 3. Nf3 Bb4+ 4. Nbd2 b6 5. a3 Bxd2+ 6. Bxd2 Bb7 7. Bg5 h6 8.
Bh4 d6 9. e3 Nbd7 10. Be2 Qe7 11. h3 g5 12. Bg3 Ne4 13. Bh2 h5 14. Ng1 g4 15.
hxg4 Qh4 16. Nh3 Nxf2 17. Nxf2 Bxg2 18. Kd2 Bxh1 19. Qxh1 Rd8 20. Bf4 Qe7 21.
gxh5 e5 22. Bh2 Nf6 23. Bg3 exd4 24. exd4 Nxh5 25. Bh4 Nf6 26. Bf3 Ne4+ 27.
Bxe4 Qxh4 28. Bc6+ Kf8 29. Qxh4 Rxh4 30. Ne4 d5 31. Bxd5 Rxd5 32. cxd5 Rxe4 33.
Kd3 Re7 34. b4 f6 35. Kc4 a6 36. d6 cxd6 37. Kd5 Kf7 38. Kxd6 f5 39. d5 Kf6 40.
Kc6 Re3 41. Kxb6 Ke5 42. Kxa6 Kxd5 43. b5 f4 44. b6 f3 45. b7 Rb3 46. Ka7 f2
47. b8=Q Rxa3+ 48. Rxa3 f1=Q 49. Ra5+ Ke6 50. Qe5+ 1-0

[Event "NB2 Barcza csoport"]
[Site "Miskolc"]
[Date "2024.11.17"]
[Round "2.2"]
[White "Zelena, Tamas"]
[Black "Ligart, Tamas"]
[Result "0-1"]
[WhiteElo "1989"]
[BlackElo "2168"]
[PlyCount "76"]
[EventDate "2024.11.03"]
[EventType "team-tourn"]
[EventRounds "9"]
[EventCountry "HUN"]
[Source "chess.hu"]
[SourceDate "2024.11.17"]
[WhiteTeam "M.Sportisk-KisBocsok"]
[BlackTeam "Kazincbarcika VSC"]
[WhiteTeamCountry "HUN"]
[BlackTeamCountry "HUN"]

1. e4 e5 2. Nc3 Nf6 3. f4 d5 4. fxe5 Nxe4 5. Qf3 Nxc3 6. dxc3 Be7 7. Bd3 c5 8.
b3 Nc6 9. Bf4 Be6 10. Ne2 Qb6 11. Bg3 h5 12. h3 g5 13. Bf5 O-O-O 14. O-O-O Qc7
15. Bxe6+ fxe6 16. Qf7 Qd7 17. Rhf1 h4 18. Bh2 Rhf8 19. Qh5 d4 20. Rf3 Qd5 21.
Rdf1 Rxf3 22. Rxf3 Nxe5 23. Bxe5 Qxe5 24. Rf7 dxc3 25. Qf3 Rd7 26. Nxc3 c4 27.
Kb2 cxb3 28. axb3 Bb4 29. Rxd7 Qxc3+ 30. Qxc3+ Bxc3+ 31. Kxc3 Kxd7 32. Kd4 Kd6
33. b4 a6 34. c3 b6 35. Kc4 e5 36. Kd3 a5 37. bxa5 bxa5 38. Kc4 Kc6 0-1

[Event "NB2 Barcza csoport"]
[Site "Miskolc"]
[Date "2024.11.17"]
[Round "2.3"]
[White "Borsos, Bogdan"]
[Black "Vanczak, Attila"]
[Result "1/2-1/2"]
[WhiteElo "2063"]
[BlackElo "2121"]
[PlyCount "23"]
[EventDate "2024.11.03"]
[EventType "team-tourn"]
[EventRounds "9"]
[EventCountry "HUN"]
[Source "chess.hu"]
[SourceDate "2024.11.17"]
[WhiteTeam "Kazincbarcika VSC"]
[BlackTeam "M.Sportisk-KisBocsok"]
[WhiteTeamCountry "HUN"]
[BlackTeamCountry "HUN"]

1. e4 Nc6 2. Nf3 f5 3. exf5 d5 4. d4 Bxf5 5. Bd3 e6 6. Bf4 Bd6 7. Bxd6 Qxd6 8.
O-O Bg4 9. Be2 Nf6 10. Nbd2 O-O 11. c3 Nh5 12. g3 1/2-1/2

[Event "NB2 Barcza csoport"]
[Site "Miskolc"]
[Date "2024.11.17"]
[Round "2.5"]
[White "Balazs, Ladislav"]
[Black "Ujpal, Balint"]
[Result "1/2-1/2"]
[WhiteElo "2021"]
[BlackElo "1928"]
[PlyCount "112"]
[EventDate "2024.11.03"]
[EventType "team-tourn"]
[EventRounds "9"]
[EventCountry "HUN"]
[Source "chess.hu"]
[SourceDate "2024.11.17"]
[WhiteTeam "Kazincbarcika VSC"]
[BlackTeam "M.Sportisk-KisBocsok"]
[WhiteTeamCountry "HUN"]
[BlackTeamCountry "HUN"]

1. e4 c6 2. d4 d5 3. exd5 cxd5 4. c4 Nf6 5. Nc3 Nc6 6. Nf3 g6 7. cxd5 Nxd5 8.
Qb3 Nxc3 9. Bc4 e6 10. bxc3 a6 11. Qc2 b5 12. Bd3 Bb7 13. O-O Rc8 14. Qe2 Bg7
15. a4 b4 16. cxb4 Nxd4 17. Nxd4 Bxd4 18. Bb2 Qg5 19. g3 Bxb2 20. Qxb2 O-O 21.
Qe2 Qd5 22. f3 Qd4+ 23. Kg2 Rfd8 24. Rad1 Qxb4 25. Bxa6 Rxd1 26. Rxd1 Bxa6 27.
Qxa6 Rc2+ 28. Kh1 Qb2 29. Qf1 Rxh2+ 30. Kg1 Rc2 31. f4 Qc3 32. Qd3 Qxd3 33.
Rxd3 Ra2 34. Rd8+ Kg7 35. Ra8 Kf6 36. g4 h5 37. gxh5 gxh5 38. Ra5 Kg6 39. Rg5+
Kh6 40. Ra5 h4 41. f5 Kg7 42. fxe6 fxe6 43. Ra8 Kf6 44. a5 Kf5 45. a6 Kg4 46.
a7 Kh3 47. Re8 Ra1+ 48. Kf2 Rxa7 49. Rxe6 Kh2 50. Rf6 h3 51. Rf3 Ra1 52. Rd3
Ra8 53. Rf3 Rg8 54. Kf1 Rg2 55. Re3 Rg1+ 56. Kf2 Rg7 1/2-1/2

[Event "NB2 Barcza csoport"]
[Site "Miskolc"]
[Date "2024.11.17"]
[Round "2.6"]
[White "Szurovszky, Elek"]
[Black "Heinrich, Jan"]
[Result "1/2-1/2"]
[WhiteElo "1947"]
[BlackElo "1900"]
[PlyCount "56"]
[EventDate "2024.11.03"]
[EventType "team-tourn"]
[EventRounds "9"]
[EventCountry "HUN"]
[Source "chess.hu"]
[SourceDate "2024.11.17"]
[WhiteTeam "M.Sportisk-KisBocsok"]
[BlackTeam "Kazincbarcika VSC"]
[WhiteTeamCountry "HUN"]
[BlackTeamCountry "HUN"]

1. e4 c5 2. Nf3 Nc6 3. d4 cxd4 4. Nxd4 Nf6 5. Nc3 e5 6. Ndb5 d6 7. Bg5 a6 8.
Bxf6 gxf6 9. Na3 b5 10. Nd5 f5 11. exf5 Bxf5 12. c3 Bg7 13. Nc2 O-O 14. Nce3
Be6 15. Qh5 f5 16. Bd3 e4 17. Bc2 Ne5 18. Nf4 Bd7 19. Rd1 Qf6 20. Bb3+ Kh8 21.
O-O Be8 22. Qh3 Bf7 23. Bxf7 Rxf7 24. Rd5 Bf8 25. Kh1 Be7 26. Rd4 Bf8 27. Nfd5
Qg6 28. f4 Nd3 1/2-1/2

[Event "NB2 Barcza csoport"]
[Site "Miskolc"]
[Date "2024.11.17"]
[Round "2.7"]
[White "Marko, Arpad"]
[Black "Pasztor, Lorant"]
[Result "0-1"]
[WhiteElo "1877"]
[BlackElo "1919"]
[PlyCount "50"]
[EventDate "2024.11.03"]
[EventType "team-tourn"]
[EventRounds "9"]
[EventCountry "HUN"]
[Source "chess.hu"]
[SourceDate "2024.11.17"]
[WhiteTeam "Kazincbarcika VSC"]
[BlackTeam "M.Sportisk-KisBocsok"]
[WhiteTeamCountry "HUN"]
[BlackTeamCountry "HUN"]

1. e4 Nf6 2. Nc3 d5 3. exd5 Nxd5 4. Qf3 e6 5. Bc4 c6 6. Nge2 Nd7 7. a3 Qf6 8.
Qxf6 N7xf6 9. O-O Bd6 10. h3 O-O 11. d4 h6 12. Bd3 a5 13. Ne4 Nxe4 14. Bxe4 b5
15. c3 Bd7 16. Bd2 a4 17. Bxd5 exd5 18. Bf4 Rfe8 19. Rfe1 Rxe2 20. Rxe2 Bxf4
21. Re7 Be6 22. Re1 Kf8 23. Rb7 Bd6 24. Re2 Ra6 25. g4 Bc8 0-1

[Event "NB2 Barcza csoport"]
[Site "Miskolc"]
[Date "2024.11.17"]
[Round "2.8"]
[White "Simon, Balint"]
[Black "Fazekas, Istvan"]
[Result "1/2-1/2"]
[WhiteElo "1751"]
[BlackElo "1865"]
[PlyCount "59"]
[EventDate "2024.11.03"]
[EventType "team-tourn"]
[EventRounds "9"]
[EventCountry "HUN"]
[Source "chess.hu"]
[SourceDate "2024.11.17"]
[WhiteTeam "M.Sportisk-KisBocsok"]
[BlackTeam "Kazincbarcika VSC"]
[WhiteTeamCountry "HUN"]
[BlackTeamCountry "HUN"]

1. e4 e5 2. Nf3 Nc6 3. Bb5 d6 4. h3 Bd7 5. c3 Nf6 6. d3 h6 7. Nbd2 Ne7 8. Bxd7+
Qxd7 9. O-O g5 10. d4 g4 11. hxg4 Qxg4 12. Nh2 Qxd1 13. Rxd1 O-O-O 14. Nhf3 Ng6
15. Re1 exd4 16. Nxd4 c5 17. Nf5 Ne7 18. Nxe7+ Bxe7 19. c4 Nd7 20. Nf3 Bf6 21.
Rb1 Ne5 22. Nxe5 dxe5 23. Be3 b6 24. Rbd1 Bg5 25. Rd5 f6 26. Bxg5 hxg5 27. Red1
Kc7 28. g4 a6 29. b3 a5 30. a4 1/2-1/2

[Event "NB2 Barcza csoport"]
[Site "Miskolc"]
[Date "2024.11.17"]
[Round "2.9"]
[White "Jonizs, Zoltan"]
[Black "Hajdu, Zoltan"]
[Result "1/2-1/2"]
[WhiteElo "1837"]
[BlackElo "1816"]
[PlyCount "113"]
[EventDate "2024.11.03"]
[EventType "team-tourn"]
[EventRounds "9"]
[EventCountry "HUN"]
[Source "chess.hu"]
[SourceDate "2024.11.17"]
[WhiteTeam "Kazincbarcika VSC"]
[BlackTeam "M.Sportisk-KisBocsok"]
[WhiteTeamCountry "HUN"]
[BlackTeamCountry "HUN"]

1. e4 Nc6 2. Nf3 e5 3. Bc4 Be7 4. d3 Nf6 5. O-O d6 6. h3 Na5 7. Nbd2 h6 8. c3
c6 9. b4 Nxc4 10. Nxc4 Be6 11. Na5 Qc7 12. Be3 b6 13. Nb3 O-O 14. Nbd2 a5 15.
a3 Ra6 16. c4 axb4 17. axb4 Rfa8 18. Rxa6 Rxa6 19. Qb1 Nd7 20. Rc1 Qa7 21. b5
cxb5 22. Qxb5 Kh7 23. Rb1 Ra1 24. Ne1 Nc5 25. Kh2 Bd7 26. Qb2 Ra6 27. Bxc5 bxc5
28. Qb7 Be6 29. Ndf3 g5 30. g4 Bd8 31. Qxa7 Rxa7 32. Kg2 Kg6 33. Rb8 Ba5 34.
Nc2 Bc3 35. Rb6 Rd7 36. Ne3 Ba5 37. Ra6 Bc3 38. Nf5 Bxf5 39. exf5+ Kf6 40. h4
gxh4 41. Nxh4 Bd2 42. Nf3 Bf4 43. Ng1 h5 44. f3 Rd8 45. Nh3 Be3 46. Kg3 Bd2 47.
Nf2 Be1 48. Kg2 Bxf2 49. Kxf2 Kg5 50. Ra7 hxg4 51. fxg4 Kxg4 52. Rxf7 d5 53.
cxd5 Rxd5 54. Ke3 Rd4 55. f6 Kf5 56. Rc7 Kxf6 57. Rxc5 1/2-1/2

[Event "NB2 Barcza csoport"]
[Site "Miskolc"]
[Date "2024.11.17"]
[Round "2.10"]
[White "Homolya, Daniel"]
[Black "Hegyi, Szabolcs"]
[Result "1-0"]
[WhiteElo "1709"]
[BlackElo "1632"]
[PlyCount "71"]
[EventDate "2024.11.03"]
[EventType "team-tourn"]
[EventRounds "9"]
[EventCountry "HUN"]
[Source "chess.hu"]
[SourceDate "2024.11.17"]
[WhiteTeam "M.Sportisk-KisBocsok"]
[BlackTeam "Kazincbarcika VSC"]
[WhiteTeamCountry "HUN"]
[BlackTeamCountry "HUN"]

1. e4 c6 2. d4 d5 3. exd5 cxd5 4. Nf3 Bg4 5. h3 Bxf3 6. Qxf3 e6 7. Bb5+ Nc6 8.
c3 Nf6 9. O-O Be7 10. Nd2 O-O 11. Qe2 a6 12. Ba4 Qc7 13. Bc2 Na5 14. Nf3 Nc4
15. Qd3 Nd6 16. Ne5 g6 17. g4 Nc4 18. f4 Nxe5 19. fxe5 Ne4 20. Bh6 Rfd8 21. Qf3
Bg5 22. Bxg5 Nxg5 23. Qe3 h6 24. b4 Ne4 25. Bxe4 dxe4 26. Qxh6 Qc4 27. Rxf7
Kxf7 28. Rf1+ Ke8 29. Qg7 Qxf1+ 30. Kxf1 b5 31. Qxg6+ Kd7 32. Qf7+ Kc6 33.
Qxe6+ Kc7 34. Ke2 Rf8 35. Qd6+ Kb7 36. Qd5+ 1-0

[Event "NB2 Barcza csoport"]
[Site "Miskolc"]
[Date "2024.11.17"]
[Round "2.11"]
[White "Fazekas, David"]
[Black "Gal, Andras"]
[Result "0-1"]
[WhiteElo "1623"]
[BlackElo "1683"]
[PlyCount "64"]
[EventDate "2024.11.03"]
[EventType "team-tourn"]
[EventRounds "9"]
[EventCountry "HUN"]
[Source "chess.hu"]
[SourceDate "2024.11.17"]
[WhiteTeam "Kazincbarcika VSC"]
[BlackTeam "M.Sportisk-KisBocsok"]
[WhiteTeamCountry "HUN"]
[BlackTeamCountry "HUN"]

1. e4 c6 2. d4 d5 3. exd5 cxd5 4. Nc3 Nf6 5. Nf3 Nc6 6. h3 Bf5 7. Bb5 a6 8.
Bxc6+ bxc6 9. O-O Qc7 10. Be3 e6 11. Na4 Rb8 12. b3 Ne4 13. Nd2 Be7 14. Nxe4
Bxe4 15. f3 Bf5 16. f4 O-O 17. c4 Bd8 18. c5 Qe7 19. Nc3 Qf6 20. g4 Qg6 21. Kh2
Be4 22. Nxe4 Qxe4 23. Rf3 h6 24. g5 hxg5 25. fxg5 f5 26. Qf1 f4 27. h4 Bxg5 28.
Bd2 Bxh4 29. Qh3 Bg3+ 30. Rxg3 fxg3+ 31. Kg1 Qxd4+ 32. Kh1 Qxa1+ 0-1

[Event "NB2 Barcza csoport"]
[Site "Miskolc"]
[Date "2024.11.17"]
[Round "2.12"]
[White "Homolya, Gabor"]
[Black "Fazekas, Tunde"]
[Result "0-1"]
[WhiteElo "1682"]
[BlackElo "1441"]
[PlyCount "96"]
[EventDate "2024.11.03"]
[EventType "team-tourn"]
[EventRounds "9"]
[EventCountry "HUN"]
[Source "chess.hu"]
[SourceDate "2024.11.17"]
[WhiteTeam "M.Sportisk-KisBocsok"]
[BlackTeam "Kazincbarcika VSC"]
[WhiteTeamCountry "HUN"]
[BlackTeamCountry "HUN"]

1. c4 Nf6 2. Nc3 g6 3. Nf3 Bg7 4. g3 c6 5. Bg2 d5 6. cxd5 cxd5 7. O-O O-O 8. d4
Nc6 9. e3 Bg4 10. a3 e6 11. b4 a6 12. Na4 b5 13. Nc5 Ne4 14. Bb2 a5 15. Nd3
axb4 16. axb4 Qe7 17. Qe1 Bf5 18. Nc5 Nd6 19. Qe2 Rfb8 20. Bc3 e5 21. dxe5 Nxe5
22. Rxa8 Rxa8 23. Nd4 Rb8 24. Bxd5 Bg4 25. Qc2 Nf5 26. Bg2 Nxd4 27. Bxd4 Nf3+
28. Kh1 Bxd4 29. exd4 Nxd4 30. Qd2 Rd8 31. Qf4 Be6 32. Rd1 Ne2 33. Qd2 Rxd2 34.
Rxd2 Bc4 35. h4 Qa7 36. Rd1 Qa3 37. Rb1 Nc3 38. Re1 Qxb4 39. Nd7 Qd6 40. Ne5
Qd4 41. Kg1 Ne2+ 42. Kh2 Qxf2 43. Nf3 Bd5 44. Rf1 Qxg3+ 45. Kh1 Bxf3 46. Rxf3
Qxh4+ 47. Rh3 Qe1+ 48. Kh2 Qg1# 0-1

[Event "NB2 Barcza csoport"]
[Site "Debrecen"]
[Date "2024.11.17"]
[Round "2.1"]
[White "Burghardt, Jozsef"]
[Black "Hegedus, Gyorgy"]
[Result "1/2-1/2"]
[WhiteElo "2096"]
[BlackElo "2034"]
[PlyCount "89"]
[EventDate "2024.11.03"]
[EventType "team-tourn"]
[EventRounds "9"]
[EventCountry "HUN"]
[Source "chess.hu"]
[SourceDate "2024.11.17"]
[WhiteTeam "Mezokovesd Zsory SE"]
[BlackTeam "DEAC-Debr.Sakkiskola"]
[WhiteTeamCountry "HUN"]
[BlackTeamCountry "HUN"]

1. e4 e5 2. Nf3 Nc6 3. Bb5 Be7 4. O-O a6 5. Bxc6 dxc6 6. d4 exd4 7. Nxd4 c5 8.
Nb3 Qxd1 9. Rxd1 Bd7 10. Be3 b6 11. a4 a5 12. Nc3 Bc6 13. Bf4 Bd8 14. Nd2 Ne7
15. Nc4 f6 16. Nd5 Nxd5 17. exd5 Bd7 18. d6 c6 19. Re1+ Kf7 20. Nxb6 Ra7 21.
Nxd7 Rxd7 22. Rad1 Re8 23. Rxe8 Kxe8 24. Be3 Bb6 25. c3 Ba7 26. Kf1 Kf7 27. Ke2
Ke6 28. g4 g6 29. Rd2 h5 30. h3 hxg4 31. hxg4 f5 32. gxf5+ gxf5 33. Kd1 Rxd6
34. Rxd6+ Kxd6 35. b4 Kd5 36. Kc2 axb4 37. cxb4 Kc4 38. Bxc5 Bxc5 39. bxc5 Kb4
40. Kd3 Kxa4 41. f4 Kb4 42. Kd4 Kb5 43. Ke5 Kxc5 44. Kxf5 Kd5 45. Kg6 1/2-1/2

[Event "NB2 Barcza csoport"]
[Site "Debrecen"]
[Date "2024.11.17"]
[Round "2.2"]
[White "Koncz, Istvan"]
[Black "Becskei, Zoltan"]
[Result "0-1"]
[WhiteElo "1921"]
[BlackElo "2230"]
[PlyCount "64"]
[EventDate "2024.11.03"]
[EventType "team-tourn"]
[EventRounds "9"]
[EventCountry "HUN"]
[Source "chess.hu"]
[SourceDate "2024.11.17"]
[WhiteTeam "DEAC-Debr.Sakkiskola"]
[BlackTeam "Mezokovesd Zsory SE"]
[WhiteTeamCountry "HUN"]
[BlackTeamCountry "HUN"]

1. c4 c6 2. g3 d5 3. cxd5 cxd5 4. d4 Nf6 5. Bg2 Nc6 6. Nc3 Bf5 7. a3 e6 8. Nf3
Bd6 9. O-O O-O 10. Nh4 Bg4 11. h3 Bh5 12. Bf3 Bxf3 13. exf3 Qb6 14. Ne2 Na5 15.
b4 Nc4 16. Ng2 a5 17. bxa5 Rxa5 18. a4 Rfa8 19. Nc3 e5 20. Be3 Nxe3 21. fxe3
exd4 22. exd4 Nh5 23. g4 Nf4 24. Nxf4 Bxf4 25. Qd3 Qh6 26. Ne2 b5 27. Qf5 Be3+
28. Kg2 bxa4 29. Ra3 Bxd4 30. Rd1 g6 31. Qd7 Bf6 32. Rxd5 Rd8 0-1